Name The Object Unicode Contestants - Statistics

General Stats
  • This quiz has been taken 33 times
  • The average score is 19 of 25
Answer Stats
Picture Answer % Correct
Question Mark
94%
Diamond With A Dot Emoji
89%
Ship Portal
89%
12 Jr.
83%
A Googol Fully Written Out
83%
Crest Cleaners
83%
Jay
83%
Manu
83%
Swing Copter Portal
83%
Triangley
83%
Bucket-O-Bombs
78%
Cracked Muggy
78%
Red Warp Pipe
78%
Water
78%
Hot Chocolate
72%
Long PC
72%
Podiumy
72%
Every Single Platonic Solid
67%
Battery Percentage
61%
Broken Wii
61%
Nevada
61%
Pixel
61%
Turret
61%
Old School Radio Wave Receiving Device
56%
Calabi-Yau Manifold
50%
No matching quizzes found
Score Distribution
Percent of People with Each Score
Percentile by Number Answered
Your Score History
You have not taken this quiz